Library Logo

দিনলিপি : (Record no. 102188)

000 -LEADER
fixed length control field 00739nam a22001937a 4500
003 - CONTROL NUMBER IDENTIFIER
control field BD-DhUL
005 - DATE AND TIME OF LATEST TRANSACTION
control field 20160829112245.0
008 - FIXED-LENGTH DATA ELEMENTS--GENERAL INFORMATION
fixed length control field 160829s2009 i a|||| |||| 00| 0db d
040 ## - CATALOGING SOURCE
Transcribing agency BD-DhUL
Modifying agency BD-DhUL
082 ## - DEWEY DECIMAL CLASSIFICATION NUMBER
Classification number 920
Item number DAD
100 10 - MAIN ENTRY--PERSONAL NAME
Personal name দাশ, জীবনানন্দ
245 ## - TITLE STATEMENT
Title দিনলিপি :
Remainder of title লিটারারি নোটস : খণ্ড : ৪ /
260 ## - PUBLICATION, DISTRIBUTION, ETC. (IMPRINT)
Place of publication, distribution, etc. কলিকাতা :
Name of publisher, distributor, etc. প্রতিক্ষণ ,
Date of publication, distribution, etc. ২০০৯ ।
300 ## - PHYSICAL DESCRIPTION
Extent খণ্ড : ৪ :
Other physical details চিত্র ;
Dimensions ২০ সেমি. ।
504 ## - BIBLIOGRAPHY, ETC. NOTE
Bibliography, etc গ্রন্থপঞ্জিগত তথ্য সংবলিত ।
650 ## - SUBJECT ADDED ENTRY--TOPICAL TERM
Topical term or geographic name as entry element দিনলিপি
650 ## - SUBJECT ADDED ENTRY--TOPICAL TERM
Topical term or geographic name as entry element Dinalipi
942 ## - ADDED ENTRY ELEMENTS (KOHA)
Source of classification or shelving scheme
Koha item type Books

No items available.

Last Updated on September 15, 2019
© Dhaka University Library. All Rights Reserved|Staff Login